| 000 | 00421nam a2200169 a 4500 | ||
|---|---|---|---|
| 001 | 2078 | ||
| 003 | CDMR | ||
| 005 | 20130926181022.0 | ||
| 008 | 130130s1970||||||||||||||||||||||||||||d | ||
| 040 |
_aCDMR _bcat _cCDMR |
||
| 100 | 1 |
_aTerrou, Fernand _91245 |
|
| 245 | 1 | 3 |
_aLa información _cpor Fernand Terrou |
| 260 |
_aVilassar de Mar _c1970 _bOikos-tau |
||
| 300 | _a126 p. | ||
| 490 | 0 |
_aQue sais-je? _v10 |
|
| 942 |
_cMON _2udc |
||
| 999 |
_c2078 _d2078 |
||